[Event "Sterling Cherry Blossom op 12th"]
[Site "Sterling"]
[Date "2025.05.25"]
[Round "7"]
[White "Semenov, Valeri"]
[Black "Srinivasan, Sivavishnu"]
[Result "1/2-1/2"]
[WhiteElo "2155"]
[BlackElo "1900"]
[PlyCount "64"]
[EventDate "2025.05.22"]
[EventType "swiss"]
[EventRounds "9"]
[EventCountry "USA"]
[SourceTitle "CB22_2025"]
[SourceDate "2025.05.28"]
[SourceVersion "1"]
[SourceVersionDate "2025.05.28"]
[SourceQuality "1"]

1. e4 c6 2. d4 d5 3. Nd2 dxe4 4. Nxe4 Nf6 5. Nxf6+ exf6 6. Bc4 Bd6 7. Qe2+ Qe7 8. Qxe7+ Kxe7 9. Ne2 Be6 10. Bd3 h5 11. Bf4 Nd7 12. Bxd6+ Kxd6 13. c4 Ke7 14. b3 h4 15. h3 Rhd8 16. Rd1 f5 17. 0-0 Nf6 18. Rfe1 Rd7 19. f3 Rad8 20. Kf2 Kf8 21. Ke3 g5 22. f4 g4 23. Bc2 Kg7 24. Kd2 b6 25. Rh1 g3 26. Rhf1 Kg6 27. Kc3 c5 28. a4 a5 29. Rd2 Ne4+ 30. Bxe4 fxe4 31. Rfd1 f5 32. d5 Bf7 1/2-1/2

[Event "Sterling Cherry Blossom op 12th"]
[Site "Sterling"]
[Date "2025.05.25"]
[Round "6"]
[White "Srinivasan, Sivavishnu"]
[Black "Swaminathan, Pranav"]
[Result "0-1"]
[WhiteElo "1900"]
[BlackElo "2097"]
[PlyCount "70"]
[EventDate "2025.05.22"]
[EventType "swiss"]
[EventRounds "9"]
[EventCountry "USA"]
[SourceTitle "CB22_2025"]
[SourceDate "2025.05.28"]
[SourceVersion "1"]
[SourceVersionDate "2025.05.28"]
[SourceQuality "1"]

1. e4 c5 2. Nf3 Nc6 3. d4 cxd4 4. Nxd4 e5 5. Nb5 d6 6. c4 Be7 7. Be3 Nf6 8. f3 0-0 9. N1c3 a6 10. Na3 Be6 11. Qd2 Rc8 12. Nc2 Nd7 13. Be2 Kh8 14. b3 f5 15. Nd5 fxe4 16. fxe4 Nc5 17. Bxc5 dxc5 18. Nxe7 Qxe7 19. Qe3 Nd4 20. 0-0-0 b5 21. Rhf1 bxc4 22. Bxc4 Bxc4 23. bxc4 Qb7 24. Rxf8+ Rxf8 25. Nxd4 cxd4 26. Qd3 h6 27. a3 Rf4 28. g3 Rf8 29. Rd2 Qc6 30. Rc2 Qc5 31. Rd2 Rf6 32. Rb2 Qf8 33. h4 Kh7 34. g4 Rf3 35. Rb8 Qf4+ 0-1

[Event "Sterling Cherry Blossom op 12th"]
[Site "Sterling"]
[Date "2025.05.24"]
[Round "5"]
[White "Li, Sophie"]
[Black "Srinivasan, Sivavishnu"]
[Result "0-1"]
[WhiteElo "2029"]
[BlackElo "1900"]
[PlyCount "90"]
[EventDate "2025.05.22"]
[EventType "swiss"]
[EventRounds "9"]
[EventCountry "USA"]
[SourceTitle "CB22_2025"]
[SourceDate "2025.05.28"]
[SourceVersion "1"]
[SourceVersionDate "2025.05.28"]
[SourceQuality "1"]

1. e4 c6 2. d4 d5 3. Nc3 dxe4 4. Nxe4 Nf6 5. Nxf6+ exf6 6. c3 Bd6 7. Bd3 0-0 8. Qc2 Re8+ 9. Ne2 h5 10. 0-0 h4 11. Nf4 Qc7 12. g3 Nd7 13. Qd1 Nf8 14. Qh5 g5 15. Ng2 Qd7 16. Ne3 Qh3 17. Qf3 Bf4 18. Bc4 Be6 19. d5 cxd5 20. Nxd5 Be5 21. Bb3 Rad8 22. Be3 Kg7 23. Bxa7 g4 24. Qh1 hxg3 25. fxg3 Nh7 26. Bb6 Rd7 27. Bd4 Bxd4+ 28. cxd4 Bxd5 29. Bxd5 Re2 30. Bg2 Ng5 31. Rf4 Nf3+ 32. Kf1 Qh5 33. Kxe2 Qb5+ 34. Ke3 Re7+ 35. Re4 Qg5+ 36. Kf2 Qd2+ 37. Kf1 Qd3+ 38. Kf2 Qd2+ 39. Kf1 Qd3+ 40. Kf2 Qc2+ 41. Kf1 Qxe4 42. Bxf3 gxf3 43. h3 Qe2+ 44. Kg1 f2+ 45. Kg2 f1Q# 0-1

[Event "Sterling Cherry Blossom op 12th"]
[Site "Sterling"]
[Date "2025.05.23"]
[Round "3"]
[White "Carter, Emmanuel"]
[Black "Srinivasan, Sivavishnu"]
[Result "1-0"]
[WhiteElo "2062"]
[BlackElo "1900"]
[PlyCount "75"]
[EventDate "2025.05.22"]
[EventType "swiss"]
[EventRounds "9"]
[EventCountry "USA"]
[SourceTitle "CB22_2025"]
[SourceDate "2025.05.28"]
[SourceVersion "1"]
[SourceVersionDate "2025.05.28"]
[SourceQuality "1"]

1. d4 Nf6 2. c4 e6 3. Nf3 Bb4+ 4. Nbd2 0-0 5. a3 Be7 6. e4 d6 7. Bd3 e5 8. 0-0 Nfd7 9. Re1 c6 10. Rb1 a5 11. Nf1 g6 12. Ng3 Bf6 13. Bh6 Re8 14. Bf1 Qc7 15. b4 axb4 16. axb4 b6 17. d5 c5 18. b5 Nf8 19. Qd2 Bb7 20. h4 Qe7 21. Ng5 Bg7 22. Nf3 Bc8 23. Bd3 Bg4 24. Nh2 Bd7 25. h5 Bc8 26. Ra1 Rxa1 27. Rxa1 Rd8 28. Ra8 Bb7 29. Ra7 Rd7 30. Be2 Rc7 31. Ng4 f6 32. Qc1 Bc8 33. Bxg7 Kxg7 34. Qh6+ Kf7 35. hxg6+ hxg6 36. Rxc7 Qxc7 37. Nxf6 Qe7 38. Ngh5 1-0

[Event "New Westminster BC Day"]
[Site "New Westminster"]
[Date "2024.08.04"]
[Round "7"]
[White "Srinivasan, Sivavishnu"]
[Black "Mingrone, Peter"]
[Result "0-1"]
[WhiteElo "1882"]
[BlackElo "1739"]
[PlyCount "122"]
[EventDate "2024.08.01"]
[EventType "swiss"]
[EventRounds "9"]
[EventCountry "CAN"]
[SourceTitle "CBM 221 Extra"]
[Source "ChessBase"]
[SourceDate "2024.09.30"]
[SourceVersion "1"]
[SourceVersionDate "2024.09.30"]
[SourceQuality "1"]

1. e4 d6 2. d4 Nf6 3. Nc3 g6 4. Be3 a6 5. Qd2 b5 6. a3 Bb7 7. Bd3 Nbd7 8. b4 Ng4 9. Nge2 Nxe3 10. Qxe3 Bg7 11. 0-0 0-0 12. Nb1 c5 13. c3 Qb6 14. Nd2 Rfd8 15. Rab1 cxd4 16. cxd4 e5 17. Nb3 d5 18. Rbc1 exd4 19. Nexd4 Ne5 20. exd5 Nxd3 21. Qxd3 Rxd5 22. Rc5 Rxd4 23. Nxd4 Rd8 24. Rd1 Bxd4 25. Kh1 Bf6 26. Qe2 Kg7 27. Rxd8 Qxd8 28. h3 Qd4 29. Rc1 Qb2 30. Qe3 Bd4 31. Qf4 Qxf2 32. Qxf2 Bxf2 33. Rc7 Bd5 34. Rd7 Bb3 35. g4 Bh4 36. Rd6 Bf6 37. Rxa6 Bb2 38. Rd6 Bc4 39. Ra6 Kf8 40. a4 bxa4 41. Rxa4 Ke7 42. Kg1 Kd6 43. b5 Kd5 44. g5 Bd4+ 45. Kh2 Bxb5 46. Ra5 Kc6 47. h4 Bc4 48. Kg3 Be6 49. Kf4 Bf2 50. Ra8 Bd4 51. Rd8 Bg7 52. Rg8 Bc3 53. Rd8 Kc7 54. Ra8 Kd7 55. Rg8 Ke7 56. Kg3 Bd7 57. Kf4 Be8 58. Kg4 f5+ 59. gxf6+ Bxf6 60. h5 Kf7 61. hxg6+ hxg6 0-1

[Event "New Westminster BC Day"]
[Site "New Westminster"]
[Date "2024.08.02"]
[Round "3"]
[White "Srinivasan, Sivavishnu"]
[Black "Forde, Stephen"]
[Result "1-0"]
[WhiteElo "1882"]
[BlackElo "1761"]
[PlyCount "61"]
[EventDate "2024.08.01"]
[EventType "swiss"]
[EventRounds "9"]
[EventCountry "CAN"]
[SourceTitle "CBM 221 Extra"]
[Source "ChessBase"]
[SourceDate "2024.09.30"]
[SourceVersion "1"]
[SourceVersionDate "2024.09.30"]
[SourceQuality "1"]

1. e4 e6 2. d4 d5 3. exd5 exd5 4. Nf3 Bg4 5. Bd3 Nf6 6. 0-0 Be7 7. Bf4 0-0 8. Nbd2 Re8 9. c3 c6 10. Qc2 Nbd7 11. Ne5 Nf8 12. Nxg4 Nxg4 13. h3 Nf6 14. Nf3 Ne6 15. Bh2 Bd6 16. Ne5 Qc7 17. Rae1 c5 18. Qd2 a6 19. Bb1 cxd4 20. cxd4 Qb6 21. Ng4 Bxh2+ 22. Kxh2 Nxg4+ 23. hxg4 Qxd4 24. Qxd4 Nxd4 25. Rd1 Nc6 26. Rxd5 Re2 27. b3 Nb4 28. Rd7 Rb8 29. Rc1 Rxf2 30. Rxb7 Rxb7 31. Rc8# 1-0

[Event "New Westminster BC Day"]
[Site "New Westminster"]
[Date "2024.08.02"]
[Round "4"]
[White "Yu, Ryan Bole"]
[Black "Srinivasan, Sivavishnu"]
[Result "1/2-1/2"]
[WhiteElo "1778"]
[BlackElo "1882"]
[PlyCount "71"]
[EventDate "2024.08.01"]
[EventType "swiss"]
[EventRounds "9"]
[EventCountry "CAN"]
[SourceTitle "CBM 221 Extra"]
[Source "ChessBase"]
[SourceDate "2024.09.30"]
[SourceVersion "1"]
[SourceVersionDate "2024.09.30"]
[SourceQuality "1"]

1. d4 Nf6 2. Nc3 d5 3. Bf4 c5 4. e4 Nxe4 5. Nxe4 dxe4 6. dxc5 Qa5+ 7. c3 Qxc5 8. Qa4+ Nc6 9. Qxe4 Bf5 10. Qe3 e5 11. Nf3 Qxe3+ 12. Bxe3 Bd6 13. Rd1 Ke7 14. Bb5 Bg4 15. h3 Bxf3 16. gxf3 f6 17. Rg1 g5 18. h4 h6 19. Ke2 a6 20. Bc4 Rac8 21. Bb3 Na5 22. Bd5 Nc4 23. b3 Nxe3 24. fxe3 Rxc3 25. Bxb7 Bc5 26. Rd3 Rxd3 27. Kxd3 Rd8+ 28. Ke2 Bb4 29. Rd1 Rxd1 30. Kxd1 a5 31. h5 f5 32. e4 fxe4 33. Bxe4 Kd6 34. Ke2 Kc5 35. Kd3 Be1 36. a4 1/2-1/2

[Event "Dulles Cherry Blossom op 11th"]
[Site "Dulles"]
[Date "2024.05.26"]
[Round "7"]
[White "Shankar, Pranav"]
[Black "Srinivasan, Sivavishnu"]
[Result "1/2-1/2"]
[WhiteElo "1802"]
[BlackElo "1879"]
[PlyCount "182"]
[EventDate "2024.05.22"]
[EventType "swiss"]
[EventRounds "9"]
[EventCountry "USA"]
[SourceTitle "CBM 220 Extra"]
[Source "ChessBase"]
[SourceDate "2024.07.31"]
[SourceVersion "1"]
[SourceVersionDate "2024.07.31"]
[SourceQuality "1"]

1. e4 c6 2. d4 d5 3. e5 c5 4. dxc5 e6 5. Bd3 Bxc5 6. Qg4 Ne7 7. b4 Bb6 8. Nf3 Kf8 9. Bb2 Nd7 10. Nbd2 a5 11. a3 axb4 12. axb4 Rxa1+ 13. Bxa1 Qc7 14. 0-0 Nc6 15. Qf4 Ndb8 16. b5 Na5 17. Bb2 h6 18. Ra1 Bc5 19. Nd4 b6 20. N4b3 Kg8 21. Nxc5 Qxc5 22. Qh4 g5 23. Qg4 Bd7 24. h4 Bxb5 25. hxg5 Bxd3 26. cxd3 h5 27. Qf4 Nd7 28. Rc1 Qe7 29. Rc8+ Kg7 30. Rxh8 Kxh8 31. Qh4 Kg8 32. Qxh5 Nf8 33. Nf1 Qb4 34. Qe2 Qb3 35. Nh2 Ng6 36. Ng4 Nc6 37. d4 Nf4 38. Nf6+ Kf8 39. Qa6 Ne7 40. Ba3 Qd1+ 41. Kh2 Ne2 42. Bxe7+ Kg7 43. Nh5+ Kh7 44. Ng3 Qg1+ 45. Kh3 Nf4+ 46. Kg4 Ng6 47. Qf1 Qxf1 48. Nxf1 Nxe7 49. Nd2 Nc6 50. Nb3 Na5 51. Nd2 Kg6 52. f4 b5 53. Kf3 b4 54. g4 b3 55. Ke2 b2 56. Nb1 Nb3 57. Kd3 Nc1+ 58. Kd2 Kg7 59. f5 Kf8 60. Kc2 Ne2 61. Kxb2 Nxd4 62. Kc3 Nf3 63. g6 fxg6 64. fxe6 Ke7 65. Kd3 Kxe6 66. Ke3 Nxe5 67. Kf4 Kf6 68. Nd2 g5+ 69. Kg3 Ke6 70. Nb3 Nc6 71. Kf3 Ke5 72. Nc5 Nd8 73. Ke3 Nf7 74. Nd3+ Kd6 75. Kd4 Nd8 76. Nf2 Ne6+ 77. Ke3 Nf4 78. Kd4 Ne6+ 79. Ke3 Kc5 80. Nd3+ Kc4 81. Nb2+ Kb3 82. Nd1 Kc2 83. Nf2 d4+ 84. Ke4 Kd2 85. Kf5 Ke2 86. Ne4 Ke3 87. Nd6 Nc5 88. Nc4+ Ke2 89. Kxg5 d3 90. Kf4 Nb3 91. g5 Na5 1/2-1/2

[Event "Dulles Cherry Blossom op 11th"]
[Site "Dulles"]
[Date "2024.05.23"]
[Round "2"]
[White "Srinivasan, Sivavishnu"]
[Black "Stremavicius, Titas"]
[Result "0-1"]
[WhiteElo "1879"]
[BlackElo "2533"]
[PlyCount "68"]
[EventDate "2024.05.22"]
[EventType "swiss"]
[EventRounds "9"]
[EventCountry "USA"]
[SourceTitle "CBM 220 Extra"]
[Source "ChessBase"]
[SourceDate "2024.07.31"]
[SourceVersion "1"]
[SourceVersionDate "2024.07.31"]
[SourceQuality "1"]

1. e4 c5 2. Nf3 Nc6 3. d4 cxd4 4. Nxd4 Nf6 5. Nc3 d6 6. Bg5 Bd7 7. Qd2 Rc8 8. 0-0-0 Nxd4 9. Qxd4 Qa5 10. Bxf6 gxf6 11. Kb1 Qc5 12. f4 Qxd4 13. Rxd4 f5 14. e5 dxe5 15. fxe5 Bg7 16. Bb5 Bxb5 17. Nxb5 a6 18. Na3 Bxe5 19. Rd5 f6 20. Rhd1 Rg8 21. g3 f4 22. gxf4 Bxf4 23. c3 Rg2 24. h4 Rh2 25. Rh5 h6 26. Nc2 e5 27. Nb4 Kf7 28. Rf5 Ke6 29. Rh5 Rd2 30. Rg1 a5 31. Nc2 Rcd8 32. Ne1 Rd1+ 33. Kc2 a4 34. c4 Rc1# 0-1